[Event "Tradewise Gibraltar Chess Festival 2013"]
[Site "Gibraltar ENG"]
[Date "2013.01.30"]
[Round "9.59"]
[White "Godard, Maxence"]
[Black "Veltkamp, Gerben"]
[Result "1-0"]
[WhiteElo "2340"]
[BlackElo "2200"]
[PlyCount "105"]
[EventDate "2013.01.22"]
[EventType "swiss"]
[EventRounds "10"]
[EventCountry "ENG"]
[Source "lmi"]
[SourceDate "2013.01.22"]

1. d4 Nf6 2. Nf3 c5 3. d5 b5 4. Bg5 Ne4 5. Bh4 Bb7 6. Qd3 Qa5+ 7. c3 f5 8. e3
b4 9. c4 g6 10. Nbd2 Bg7 11. Qb3 Nxd2 12. Nxd2 Qc7 13. Bd3 a5 14. Rb1 a4 15.
Qd1 e6 16. Bg3 d6 17. O-O e5 18. f4 Nd7 19. e4 exf4 20. Bxf4 Bd4+ 21. Kh1 Ne5
22. Bxe5 Bxe5 23. exf5 a3 24. bxa3 Rxa3 25. Nf3 Bf6 26. Re1+ Kf8 27. Qd2 Kg7
28. Ng5 Bc8 29. Ne6+ Bxe6 30. Rxe6 Rf8 31. fxg6 hxg6 32. Qe2 Qa7 33. Qe4 Rxd3
34. Qxd3 Qxa2 35. Rxd6 Qa3 36. Qe4 Rf7 37. Re6 Qc3 38. d6 b3 39. Qe3 b2 40.
Qxc3 Bxc3 41. Re7 Rxe7 42. dxe7 Kf7 43. g3 Kxe7 44. Kg2 Kf6 45. Kf3 Be5 46. Ke3
Bd4+ 47. Kd3 Kf5 48. h3 Bf2 49. g4+ Kf4 50. Rxb2 Bd4 51. Rb6 g5 52. Rg6 Bb2 53.
Rd6 1-0

[Event "Tradewise Gibraltar Chess Festival 2013"]
[Site "Gibraltar ENG"]
[Date "2013.01.30"]
[Round "9.60"]
[White "Forsaa, Espen"]
[Black "Sanchez Botella, Luis Javier"]
[Result "0-1"]
[WhiteElo "2305"]
[BlackElo "2196"]
[PlyCount "188"]
[EventDate "2013.01.22"]
[EventType "swiss"]
[EventRounds "10"]
[EventCountry "ENG"]
[Source "lmi"]
[SourceDate "2013.01.22"]

1. d4 Nf6 2. c4 e6 3. Nc3 Bb4 4. e3 O-O 5. Nge2 d5 6. a3 Bd6 7. Ng3 c5 8. dxc5
Bxc5 9. b4 Bd6 10. cxd5 exd5 11. Bb2 Nc6 12. Nb5 Be5 13. Bxe5 Nxe5 14. Be2 a5
15. O-O Qe7 16. bxa5 Rxa5 17. Qd2 Ra8 18. Rfc1 Nc6 19. a4 g6 20. Nd4 Bd7 21. a5
Rfc8 22. Rcb1 Be8 23. h3 h5 24. Bf3 Ra6 25. Be2 Raa8 26. Nxc6 bxc6 27. a6 c5
28. Rb7 Qe5 29. Rab1 c4 30. f4 Qe6 31. R1b6 Rc6 32. Rxc6 Qxc6 33. Qd4 Qxa6 34.
Rb1 h4 35. Nf1 Qa2 36. Rb2 Qa6 37. Bf3 Qe6 38. Rb6 Bc6 39. f5 gxf5 40. Qxh4 Nd7
41. Qg5+ Kf8 42. Rb1 Ne5 43. Bh5 Bd7 44. Qh4 Rc8 45. Qd4 c3 46. Be2 Ng6 47. Bf3
Qe5 48. Qxd5 Qxd5 49. Bxd5 Ba4 50. Bf3 c2 51. Rc1 Rd8 52. Kf2 Rd1 53. Rxd1
cxd1=Q 54. Bxd1 Bxd1 55. Nd2 Ne5 56. Kg3 Bc2 57. Kf4 Ng6+ 58. Kg5 Kg7 59. g4
f6+ 60. Kh5 Bd1 61. Nf1 Ne5 62. Kh4 fxg4 63. hxg4 Nxg4 64. Kg3 Ne5 65. Kf4 Kg6
66. e4 Bg4 67. Ne3 Be6 68. Nc2 Nc6 69. Ne3 Kf7 70. Nf1 Ne5 71. Ng3 Ng6+ 72. Ke3
Bg4 73. Nh1 Ke6 74. Nf2 Ne5 75. Kf4 Bh5 76. Nh3 Ng6+ 77. Ke3 Ke5 78. Nf2 Nf4
79. Nh1 Nh3 80. Ng3 Bg6 81. Ne2 Bxe4 82. Ng3 Bg6 83. Kf3 Ng5+ 84. Ke3 Ne6 85.
Kf3 Nd4+ 86. Kg4 Nb5 87. Kf3 Nc3 88. Ke3 Be8 89. Kf3 Ne4 90. Nf1 Bh5+ 91. Kg2
Kf4 92. Nh2 Bg4 93. Nf1 Bf3+ 94. Kg1 Be2 0-1

[Event "Tradewise Gibraltar Chess Festival 2013"]
[Site "Gibraltar ENG"]
[Date "2013.01.30"]
[Round "9.61"]
[White "De Haan, Eric"]
[Black "Meyer, Kai-Christian"]
[Result "1-0"]
[WhiteElo "2303"]
[BlackElo "2177"]
[PlyCount "115"]
[EventDate "2013.01.22"]
[EventType "swiss"]
[EventRounds "10"]
[EventCountry "ENG"]
[Source "lmi"]
[SourceDate "2013.01.22"]

1. d4 d5 2. c4 c6 3. Nf3 Nf6 4. Nc3 a6 5. c5 Nbd7 6. Bf4 Nh5 7. Bd2 Nhf6 8. Bf4
Nh5 9. Qd2 b6 10. e4 Nxf4 11. Qxf4 e6 12. exd5 exd5 13. b4 bxc5 14. bxc5 Qa5
15. Rc1 Be7 16. Bd3 O-O 17. O-O Qb4 18. Qd2 Qb8 19. Rb1 Qc7 20. Na4 Bf6 21. h3
Re8 22. Nb6 Nxb6 23. Rxb6 a5 24. Rfb1 h6 25. Re1 Rxe1+ 26. Qxe1 Bd7 27. Qb1 Bc8
28. Qc1 Rb8 29. Qe1 Bd7 30. Rxb8+ Qxb8 31. Qxa5 g5 32. Qe1 Qa7 33. Qd2 Qa3 34.
Kh2 Kg7 35. Bb1 Kf8 36. Qc2 Qb4 37. Qb3 Qxb3 38. axb3 g4 39. hxg4 Bxg4 40. Ne5
Bxe5+ 41. dxe5 Ke7 42. Kg3 Be2 43. Kf4 Bf1 44. g3 Ba6 45. Ke3 Ke6 46. f4 f6 47.
exf6 Kxf6 48. Bd3 Bc8 49. b4 Bd7 50. Kd4 Ke6 51. Be2 Be8 52. Bg4+ Kf6 53. Bc8
Ke7 54. Ke5 Kd8 55. Be6 Ke7 56. f5 Bh5 57. f6+ Kf8 58. b5 1-0

[Event "Tradewise Gibraltar Chess Festival 2013"]
[Site "Gibraltar ENG"]
[Date "2013.01.30"]
[Round "9.63"]
[White "Palencia, Wilson"]
[Black "Vinas Guerrero, Carlos A"]
[Result "1-0"]
[WhiteElo "2282"]
[BlackElo "2167"]
[PlyCount "101"]
[EventDate "2013.01.22"]
[EventType "swiss"]
[EventRounds "10"]
[EventCountry "ENG"]
[Source "lmi"]
[SourceDate "2013.01.22"]

1. e4 d5 2. exd5 Qxd5 3. Nf3 Bg4 4. Be2 Nc6 5. O-O O-O-O 6. Nc3 Qd7 7. b4 Nf6
8. b5 Bxf3 9. Bxf3 Nd4 10. a4 Qf5 11. d3 Nxf3+ 12. Qxf3 Qxf3 13. gxf3 Nd5 14.
Nxd5 Rxd5 15. Be3 e6 16. Rfb1 Be7 17. a5 Kb8 18. Ra4 Rhd8 19. Rc4 Bg5 20. b6
cxb6 21. axb6 Bxe3 22. fxe3 axb6 23. Rxb6 Rc8 24. Rxc8+ Kxc8 25. e4 Rg5+ 26.
Kh1 Ra5 27. Rb2 Ra1+ 28. Kg2 Rd1 29. f4 Rd2+ 30. Kg3 Kc7 31. h4 h5 32. Rb5 Rxc2
33. Rxh5 Kd6 34. Rh7 Rd2 35. Rxg7 Rxd3+ 36. Kg4 Ke7 37. Rg8 Rd1 38. Rb8 Kf6 39.
e5+ Kg7 40. Rxb7 Rg1+ 41. Kh5 Kg8 42. Rb3 Kg7 43. Rf3 Kg8 44. f5 Re1 45. Kh6
Rxe5 46. Ra3 f6 47. Kg6 Kf8 48. h5 Rxf5 49. h6 Rf1 50. Ra8+ Ke7 51. h7 1-0

[Event "Tradewise Gibraltar Chess Festival 2013"]
[Site "Gibraltar ENG"]
[Date "2013.01.30"]
[Round "9.66"]
[White "Olhovik, Andrei"]
[Black "Dasaolu, Rotimi"]
[Result "1/2-1/2"]
[WhiteElo "2246"]
[BlackElo "2115"]
[PlyCount "58"]
[EventDate "2013.01.22"]
[EventType "swiss"]
[EventRounds "10"]
[EventCountry "ENG"]
[Source "lmi"]
[SourceDate "2013.01.22"]

1. d4 e6 2. c4 Nf6 3. Nc3 d5 4. cxd5 exd5 5. Bg5 c6 6. e3 Be7 7. Bd3 h6 8. Bxf6
Bxf6 9. Nge2 Nd7 10. b4 a6 11. O-O O-O 12. a4 Re8 13. b5 axb5 14. axb5 Rxa1 15.
Qxa1 Nf8 16. bxc6 bxc6 17. Rc1 Ne6 18. Bf5 Bd7 19. Bxe6 fxe6 20. h3 e5 21. Na4
exd4 22. Nxd4 Qa8 23. Nc5 Qxa1 24. Rxa1 Bxd4 25. exd4 Bf5 26. Rd1 Rb8 27. Nd3
Bxd3 28. Rxd3 Rb6 29. Kf1 Kf7 1/2-1/2

[Event "Tradewise Gibraltar Chess Festival 2013"]
[Site "Gibraltar ENG"]
[Date "2013.01.30"]
[Round "9.67"]
[White "Nuri, Kambez"]
[Black "Wiedersich, Jens"]
[Result "1-0"]
[WhiteElo "2241"]
[BlackElo "2120"]
[PlyCount "50"]
[EventDate "2013.01.22"]
[EventType "swiss"]
[EventRounds "10"]
[EventCountry "ENG"]
[Source "lmi"]
[SourceDate "2013.01.22"]

1. e4 c5 2. Nf3 d6 3. d4 cxd4 4. Nxd4 Nf6 5. Nc3 g6 6. Be3 Bg7 7. f3 Nc6 8. Qd2
O-O 9. O-O-O Nxd4 10. Bxd4 Be6 11. Kb1 a6 12. g4 Rc8 13. h4 Bc4 14. h5 Qa5 15.
Bxc4 Rxc4 16. Nd5 Qd8 17. Bxf6 exf6 18. Rh3 Qe8 19. Rdh1 Qe5 20. c3 Re8 21.
hxg6 fxg6 22. Rxh7 Qg5 23. Qh2 Rcc8 24. Rxg7+ Kxg7 25. Qh7+ Kf8 1-0

[Event "Tradewise Gibraltar Chess Festival 2013"]
[Site "Gibraltar ENG"]
[Date "2013.01.30"]
[Round "9.68"]
[White "Hommerson, Paul"]
[Black "Uran Bermudez, Oliver Kevin"]
[Result "1-0"]
[WhiteElo "2237"]
[BlackElo "2113"]
[PlyCount "142"]
[EventDate "2013.01.22"]
[EventType "swiss"]
[EventRounds "10"]
[EventCountry "ENG"]
[Source "lmi"]
[SourceDate "2013.01.22"]

1. e4 c6 2. d4 d6 3. f4 Nd7 4. Nf3 Qc7 5. Bd3 e5 6. c3 Ngf6 7. O-O Be7 8. Kh1
b6 9. Na3 Bb7 10. dxe5 dxe5 11. Nc4 exf4 12. Ng5 Nc5 13. Bc2 Qd7 14. Bxf4 Qxd1
15. Raxd1 Ba6 16. b3 h6 17. Nf3 O-O 18. Rfe1 Bxc4 19. bxc4 Ne6 20. Bg3 c5 21.
Ba4 Rfd8 22. Bc6 Rxd1 23. Rxd1 Rc8 24. Bd5 Rd8 25. Rb1 Nh5 26. Be5 Bd6 27. a4
Ng5 28. Bxd6 Rxd6 29. e5 Rd8 30. Nxg5 hxg5 31. g3 Re8 32. Rf1 Re7 33. Rf5 g6
34. Rxg5 Kh7 35. Rg4 f5 36. exf6 Re1+ 37. Kg2 Nxf6 38. Rf4 Kg7 39. h4 Re2+ 40.
Rf2 Re3 41. Rf3 Re2+ 42. Kh3 Rd2 43. Bc6 Rd6 44. Bb5 Rd2 45. Re3 Kf7 46. Bc6
Rd6 47. Bf3 Rd2 48. g4 Ra2 49. Bc6 Rf2 50. Rf3 Rxf3+ 51. Bxf3 Nd7 52. Kg3 Ne5
53. Be2 Kf6 54. Kf4 Nc6 55. g5+ Ke6 56. Bf3 Ne7 57. Be4 Kd6 58. Bf3 Ke6 59. Kg4
Nf5 60. h5 Ne3+ 61. Kf4 Nxc4 62. h6 Nd6 63. h7 Nf7 64. c4 Nh8 65. Bc6 Kd6 66.
Bd5 a6 67. Ke4 Kd7 68. Ke5 Ke7 69. Be6 a5 70. Bd5 Ke8 71. Kf6 Kf8 1-0

[Event "Tradewise Gibraltar Chess Festival 2013"]
[Site "Gibraltar ENG"]
[Date "2013.01.30"]
[Round "9.69"]
[White "Lyell, Mark"]
[Black "Obiamiwe, Paul"]
[Result "1-0"]
[WhiteElo "2235"]
[BlackElo "1973"]
[PlyCount "47"]
[EventDate "2013.01.22"]
[EventType "swiss"]
[EventRounds "10"]
[EventCountry "ENG"]
[Source "lmi"]
[SourceDate "2013.01.22"]

1. e4 e5 2. Nf3 Nc6 3. Bc4 Bc5 4. b4 Bxb4 5. c3 Be7 6. d4 Na5 7. Be2 Nf6 8.
dxe5 Ng8 9. Na3 d6 10. exd6 Qxd6 11. Qa4+ Nc6 12. Nb5 Qd7 13. Bf4 Bd8 14. Rd1
Qe7 15. Rxd8+ Kxd8 16. Bxc7+ Ke8 17. Bd6 Qd7 18. e5 Kd8 19. O-O a6 20. Rd1 Qg4
21. Nfd4 Qd7 22. Nxc6+ bxc6 23. Qa5+ Ke8 24. Nc7+ 1-0

[Event "Tradewise Gibraltar Chess Festival 2013"]
[Site "Gibraltar ENG"]
[Date "2013.01.30"]
[Round "9.70"]
[White "Ferrante, Marco"]
[Black "Suez-Panama, Gilles"]
[Result "1-0"]
[WhiteElo "2227"]
[BlackElo "1989"]
[PlyCount "145"]
[EventDate "2013.01.22"]
[EventType "swiss"]
[EventRounds "10"]
[EventCountry "ENG"]
[Source "lmi"]
[SourceDate "2013.01.22"]

1. e4 e6 2. Nf3 d5 3. Nc3 Nf6 4. e5 Nfd7 5. d4 c5 6. dxc5 Nc6 7. Bf4 Nxc5 8. a3
a5 9. Bb5 Be7 10. O-O O-O 11. Qe2 Na7 12. Rfe1 Bd7 13. Bxd7 Qxd7 14. Nd4 a4 15.
Qg4 Rfe8 16. Bh6 g6 17. h4 f5 18. Qf4 Bf8 19. Rad1 Bxh6 20. Qxh6 Qg7 21. Qe3
Qe7 22. Qf4 Red8 23. Re3 Nc6 24. Rg3 Ne4 25. Nxc6 bxc6 26. Nxe4 fxe4 27. h5 Kg7
28. Qg4 Qf7 29. f3 Qf5 30. hxg6 Qxg4 31. Rxg4 hxg6 32. fxe4 Rab8 33. exd5 cxd5
34. Rxa4 Rxb2 35. Ra7+ Kh6 36. Re7 Rxc2 37. Rxe6 d4 38. Rd6 Re8 39. e6 Re2 40.
R1xd4 R8xe6 41. Rxe6 Rxe6 42. Rd1 Re4 43. Kf2 Kg5 44. Rd5+ Kf4 45. Rb5 Re8 46.
Rb4+ Kf5 47. a4 Rc8 48. Rb2 Ra8 49. Rb5+ Kf4 50. Rb4+ Kf5 51. Kf3 Rc8 52. Rb3
Rc1 53. Ra3 Rc6 54. a5 Ra6 55. Kg3 Kg5 56. Ra4 Kf5 57. Kh4 Kf6 58. Kg4 g5 59.
Ra2 Kg6 60. Ra1 Ra8 61. a6 Ra7 62. Ra5 Kh6 63. g3 Kg6 64. Rxg5+ Kh6 65. Ra5 Kg6
66. Kf4 Kf6 67. g4 Kg6 68. Ke5 Kg5 69. Ra4 Kg6 70. Kd6 Kg5 71. Kc6 Kg6 72. Kb6
Re7 73. a7 1-0

[Event "Tradewise Gibraltar Chess Festival 2013"]
[Site "Gibraltar ENG"]
[Date "2013.01.30"]
[Round "9.71"]
[White "Kriebel, Tadeas"]
[Black "Mckenna, Jason P"]
[Result "1/2-1/2"]
[WhiteElo "2369"]
[BlackElo "2110"]
[PlyCount "73"]
[EventDate "2013.01.22"]
[EventType "swiss"]
[EventRounds "10"]
[EventCountry "ENG"]
[Source "lmi"]
[SourceDate "2013.01.22"]

1. e4 g6 2. d4 Bg7 3. Nc3 d6 4. f4 Nf6 5. Nf3 O-O 6. Be3 b6 7. Qe2 Bb7 8. e5
Nd5 9. Nxd5 Bxd5 10. a3 e6 11. O-O-O Nd7 12. h4 c5 13. exd6 Nf6 14. dxc5 Ne4
15. Rh3 bxc5 16. Ne5 Rb8 17. c4 Ba8 18. Qc2 f6 19. Nd3 f5 20. Ne5 Rb6 21. Bd3
Rxd6 22. Rhh1 Qa5 23. h5 Rb8 24. hxg6 hxg6 25. g4 Rdb6 26. Qh2 Rxb2 27. Qh7+
Kf8 28. Nxg6+ Kf7 29. Ne5+ Kf8 30. Nd7+ Kf7 31. Qh5+ Kg8 32. Qh7+ Kf7 33. Ne5+
Kf8 34. Nd7+ Kf7 35. Qh5+ Kg8 36. Qh7+ Kf7 37. Ne5+ 1/2-1/2

[Event "Tradewise Gibraltar Chess Festival 2013"]
[Site "Gibraltar ENG"]
[Date "2013.01.30"]
[Round "9.72"]
[White "Linhart, Wolfgang"]
[Black "Wemmers, Xander"]
[Result "1/2-1/2"]
[WhiteElo "2130"]
[BlackElo "2349"]
[PlyCount "109"]
[EventDate "2013.01.22"]
[EventType "swiss"]
[EventRounds "10"]
[EventCountry "ENG"]
[Source "lmi"]
[SourceDate "2013.01.22"]

1. d4 d6 2. Nf3 g6 3. e4 Bg7 4. c3 Nd7 5. Be2 Ngf6 6. Nbd2 O-O 7. O-O e5 8.
dxe5 dxe5 9. Qc2 b6 10. Re1 Bb7 11. Bf1 Re8 12. a4 a5 13. b3 Bf8 14. Ba3 Bxa3
15. Rxa3 Qe7 16. Raa1 Nc5 17. Bc4 Rad8 18. Ng5 Rf8 19. b4 Ncd7 20. Rab1 Ra8 21.
Nf1 Ne8 22. Nf3 Nd6 23. Bb3 Kg7 24. Ng3 Rfc8 25. Qd2 Ba6 26. Rbd1 Rd8 27. h4
Bc4 28. Bc2 h6 29. h5 Be6 30. Qe2 Qf6 31. Nh2 Qf4 32. Nhf1 Bg4 33. f3 Be6 34.
Kf2 Nf6 35. Ne3 Kh7 36. Rh1 Rg8 37. Nd5 Bxd5 38. exd5 Ng4+ 39. Kg1 Qxg3 40.
fxg4 Qxc3 41. g5 e4 42. Bxe4 Rae8 43. hxg6+ Rxg6 44. Bxg6+ fxg6 45. Rxh6+ Kg7
46. Qf2 axb4 47. Kh1 Ne4 48. Qd4+ Re5 49. Rh4 Ng3+ 50. Kh2 Nf5 51. Qxc3 bxc3
52. Rc4 Ne3 53. Rxc7+ Kf8 54. Rd3 Nxd5 55. Rdxc3 1/2-1/2

[Event "Tradewise Gibraltar Chess Festival 2013"]
[Site "Gibraltar ENG"]
[Date "2013.01.30"]
[Round "9.74"]
[White "Villuendas Valero, Adrian"]
[Black "Lindsoe, Fredrik Aunan"]
[Result "1-0"]
[WhiteElo "2301"]
[BlackElo "2064"]
[PlyCount "97"]
[EventDate "2013.01.22"]
[EventType "swiss"]
[EventRounds "10"]
[EventCountry "ENG"]
[Source "lmi"]
[SourceDate "2013.01.22"]

1. e4 c5 2. Nf3 Nc6 3. d4 cxd4 4. Nxd4 g6 5. Nc3 Bg7 6. Be3 Nf6 7. Bc4 O-O 8.
Bb3 d6 9. f3 Bd7 10. Qd2 Qa5 11. O-O-O Rfc8 12. h4 Ne5 13. Kb1 h5 14. Bg5 Kf8
15. Bh6 Nc4 16. Bxc4 Rxc4 17. Nb3 Qc7 18. g4 Rc8 19. e5 dxe5 20. Bxg7+ Kxg7 21.
g5 Ng4 22. fxg4 Bxg4 23. Rde1 Bf5 24. Qe3 f6 25. gxf6+ exf6 26. Rh2 a5 27. Nd2
Rb4 28. Nde4 Rd8 29. a3 Rc4 30. Rf2 Rdd4 31. Ng3 Be6 32. Nb5 Qd7 33. Nxd4 Rxd4
34. Ne2 Rxh4 35. Rff1 Qd5 36. Nc3 Qc4 37. Qf2 Rf4 38. Qg2 Kh6 39. Rg1 Bf5 40.
Qd2 g5 41. Qd8 Qa6 42. Nd5 Rf2 43. Qf8+ Kh7 44. Qf7+ Kh6 45. Ne7 Bxc2+ 46. Ka1
g4 47. Rh1 Kg5 48. Qxh5+ Kf4 49. Nd5+ 1-0

[Event "Tradewise Gibraltar Chess Festival 2013"]
[Site "Gibraltar ENG"]
[Date "2013.01.30"]
[Round "9.75"]
[White "Thornton, John D"]
[Black "Garcia Jimenez, Francisco Javi"]
[Result "0-1"]
[WhiteElo "2053"]
[BlackElo "2278"]
[PlyCount "76"]
[EventDate "2013.01.22"]
[EventType "swiss"]
[EventRounds "10"]
[EventCountry "ENG"]
[Source "lmi"]
[SourceDate "2013.01.22"]

1. c4 e5 2. g3 Nc6 3. Nc3 g6 4. Bg2 Bg7 5. e4 Nge7 6. d3 O-O 7. Nge2 d6 8. O-O
Be6 9. Nd5 f5 10. Rb1 Qd7 11. b4 Rae8 12. Be3 Nc8 13. Qd2 Rf7 14. b5 Nd8 15. a4
c6 16. Nb4 fxe4 17. Bxe4 d5 18. cxd5 cxd5 19. Bg2 d4 20. Bh6 Bxh6 21. Qxh6 Nb6
22. a5 Nd5 23. Nxd5 Bxd5 24. Bh3 Qd6 25. b6 a6 26. f4 e4 27. f5 exd3 28. Nf4
Be4 29. Nh5 Qe5 30. fxg6 Bxg6 31. Nf4 Qe3+ 32. Kh1 d2 33. Qg5 Nc6 34. Bg2 Rf5
35. Bd5+ Kg7 36. Nh5+ Kh8 37. Qxe3 dxe3 38. Rxf5 Bxf5 0-1

[Event "Tradewise Gibraltar Chess Festival 2013"]
[Site "Gibraltar ENG"]
[Date "2013.01.30"]
[Round "9.76"]
[White "Adrian, Claude"]
[Black "Skutta, Bernd"]
[Result "1-0"]
[WhiteElo "2260"]
[BlackElo "2048"]
[PlyCount "75"]
[EventDate "2013.01.22"]
[EventType "swiss"]
[EventRounds "10"]
[EventCountry "ENG"]
[Source "lmi"]
[SourceDate "2013.01.22"]

1. c4 e5 2. g3 Nf6 3. Bg2 Nc6 4. Nc3 Bc5 5. a3 a5 6. e3 O-O 7. Nge2 Re8 8. O-O
Bf8 9. d4 d6 10. d5 Ne7 11. e4 Bd7 12. h3 Ng6 13. b3 Be7 14. Be3 h5 15. Qd2 Nh7
16. f4 exf4 17. gxf4 Bf6 18. Kh2 Nh4 19. Rf2 Qc8 20. Bf1 g5 21. fxg5 Be5+ 22.
Bf4 Nxg5 23. Qe3 Ng6 24. Bxe5 Rxe5 25. Nf4 Nxf4 26. Rxf4 Bf5 27. Qg3 Bg6 28. h4
Nh7 29. Bh3 Qf8 30. Rg1 Qg7 31. Be6 fxe6 32. Qxg6 Qxg6 33. Rxg6+ Kh8 34. Rf7
Rg8 35. Rh6 Rg7 36. dxe6 Kg8 37. Nd5 Rg4 38. Ne7+ 1-0

[Event "Tradewise Gibraltar Chess Festival 2013"]
[Site "Gibraltar ENG"]
[Date "2013.01.30"]
[Round "9.77"]
[White "Van Kemenade, Rudy"]
[Black "Loew, Gerald"]
[Result "0-1"]
[WhiteElo "2043"]
[BlackElo "2231"]
[PlyCount "50"]
[EventDate "2013.01.22"]
[EventType "swiss"]
[EventRounds "10"]
[EventCountry "ENG"]
[Source "lmi"]
[SourceDate "2013.01.22"]

1. e4 c5 2. f4 d5 3. Nf3 dxe4 4. Ng5 Nf6 5. Bc4 e6 6. Nc3 Be7 7. Ncxe4 Nxe4 8.
Nxe4 O-O 9. a4 Nc6 10. Ra3 e5 11. Rd3 Qc7 12. O-O Bf5 13. Re3 exf4 14. Ree1 Bh4
15. g3 fxg3 16. Rxf5 gxh2+ 17. Kh1 Bxe1 18. Qxe1 Nd4 19. Rxc5 Qf4 20. d3 Qf3+
21. Kxh2 Rac8 22. Rxc8 Rxc8 23. Qh4 Qe2+ 24. Kh3 Qf1+ 25. Kg3 Nf5+ 0-1

[Event "Tradewise Gibraltar Chess Festival 2013"]
[Site "Gibraltar ENG"]
[Date "2013.01.30"]
[Round "9.78"]
[White "Stewart, Ashley"]
[Black "Lind, Jan-Olof"]
[Result "0-1"]
[WhiteElo "2040"]
[BlackElo "2217"]
[PlyCount "116"]
[EventDate "2013.01.22"]
[EventType "swiss"]
[EventRounds "10"]
[EventCountry "ENG"]
[Source "lmi"]
[SourceDate "2013.01.22"]

1. c4 Nf6 2. Nc3 g6 3. g3 Bg7 4. Bg2 d6 5. e4 O-O 6. Nge2 c5 7. O-O Nc6 8. d3
Ne8 9. Be3 Nd4 10. Rb1 Nc7 11. b4 Rb8 12. Qd2 Re8 13. bxc5 dxc5 14. Nd5 Nxe2+
15. Qxe2 e6 16. Nf4 Bd4 17. h4 b6 18. h5 Qd6 19. Rfd1 Rd8 20. hxg6 hxg6 21. Qf3
Ne8 22. Ne2 Bf6 23. Bf4 Be5 24. Qg4 Bxf4 25. gxf4 e5 26. Qg5 exf4 27. Nxf4 Qf6
28. Qxf6 Nxf6 29. Nd5 Kg7 30. f4 Bd7 31. Kf2 Ba4 32. Rd2 Rh8 33. Rh1 Rxh1 34.
Bxh1 Rh8 35. Bg2 Nh5 36. Bf3 Nf6 37. e5 Ng8 38. Kg3 Nh6 39. Be4 Bd7 40. Ne3 Be6
41. Rh2 Rd8 42. Nd5 Nf5+ 43. Kf3 b5 44. Bxf5 Bxf5 45. Ke3 a5 46. Rb2 b4 47. Rh2
a4 48. d4 Rxd5 49. cxd5 c4 50. d6 a3 51. d5 b3 52. e6 b2 53. Rh1 c3 54. e7 c2
55. e8=N+ Kg8 56. Nf6+ Kf8 57. Nh7+ Kg7 58. Ng5 c1=Q+ 0-1

[Event "Tradewise Gibraltar Chess Festival 2013"]
[Site "Gibraltar ENG"]
[Date "2013.01.30"]
[Round "9.79"]
[White "Seyfried, Claus"]
[Black "Bryn, Askild"]
[Result "1/2-1/2"]
[WhiteElo "2177"]
[BlackElo "2019"]
[PlyCount "73"]
[EventDate "2013.01.22"]
[EventType "swiss"]
[EventRounds "10"]
[EventCountry "ENG"]
[Source "lmi"]
[SourceDate "2013.01.22"]

1. e4 c5 2. c3 e6 3. d4 d5 4. exd5 Qxd5 5. Nf3 cxd4 6. Qxd4 Qxd4 7. Nxd4 a6 8.
Nd2 e5 9. N4f3 f6 10. Bc4 Nc6 11. a4 Nd8 12. O-O Be6 13. Re1 Rc8 14. Bd3 Ne7
15. Ne4 Nd5 16. Bd2 Be7 17. Ng3 g6 18. h4 Nf7 19. h5 Rg8 20. Nd4 Bd7 21. Nf3
Nb6 22. hxg6 hxg6 23. b3 Bc6 24. a5 Bxf3 25. gxf3 Rd8 26. Be4 Rxd2 27. axb6 Bc5
28. Re2 Rxe2 29. Nxe2 Nd6 30. Bd5 Rg7 31. b4 Bxb6 32. c4 Bd8 33. c5 Nc8 34. c6
bxc6 35. Bxc6+ Kf8 36. Rxa6 Ra7 37. b5 1/2-1/2

[Event "Tradewise Gibraltar Chess Festival 2013"]
[Site "Gibraltar ENG"]
[Date "2013.01.30"]
[Round "9.80"]
[White "Smith, Andrew Philip"]
[Black "Grigoryan, Meri"]
[Result "0-1"]
[WhiteElo "2175"]
[BlackElo "2025"]
[PlyCount "58"]
[EventDate "2013.01.22"]
[EventType "swiss"]
[EventRounds "10"]
[EventCountry "ENG"]
[Source "lmi"]
[SourceDate "2013.01.22"]

1. e4 e5 2. d4 exd4 3. Qxd4 Nc6 4. Qe3 Nf6 5. Nc3 Bb4 6. Bd2 O-O 7. O-O-O Re8
8. Bc4 d6 9. Nf3 Be6 10. Bxe6 Rxe6 11. Ng5 Re5 12. f4 Re7 13. Qf3 h6 14. h4 Qe8
15. Nd5 Nxd5 16. exd5 Bxd2+ 17. Rxd2 Nb4 18. a3 Na6 19. g3 Nc5 20. f5 Nd7 21.
Kb1 Nf6 22. Ka2 Re3 23. Qd1 Qe5 24. g4 Re8 25. Nf3 Qf4 26. Nh2 Qc4+ 27. b3 Qc5
28. c4 Ne4 29. Kb2 Nxd2 0-1

[Event "Tradewise Gibraltar Chess Festival 2013"]
[Site "Gibraltar ENG"]
[Date "2013.01.30"]
[Round "9.81"]
[White "Karlsson, Jorgen"]
[Black "Boesch, Heinz"]
[Result "1-0"]
[WhiteElo "2165"]
[BlackElo "1904"]
[PlyCount "136"]
[EventDate "2013.01.22"]
[EventType "swiss"]
[EventRounds "10"]
[EventCountry "ENG"]
[Source "lmi"]
[SourceDate "2013.01.22"]

1. Nf3 e6 2. c4 d5 3. g3 c5 4. Bg2 Nf6 5. O-O Nc6 6. e3 Be7 7. a3 O-O 8. Re1
dxc4 9. Qa4 Na5 10. Ne5 Nb3 11. Ra2 Qc7 12. f4 Nd7 13. Nxc4 Nxc1 14. Rxc1 Nb6
15. Qa5 Qd8 16. Nxb6 Qxb6 17. Qxb6 axb6 18. Nc3 Rd8 19. b3 Bd7 20. Bxb7 Rab8
21. Bf3 Bc8 22. a4 Bb7 23. Be2 Bf6 24. Kf2 e5 25. Bc4 exf4 26. gxf4 Bxc3 27.
Rxc3 Rd6 28. Rd3 Rbd8 29. Rxd6 Rxd6 30. d3 Rh6 31. Kf1 Rf6 32. Rf2 Kf8 33. e4
Rh6 34. f5 Ke7 35. Kg2 Kf6 36. Kg3 Bc6 37. h4 Be8 38. Rb2 Ke5 39. b4 Bxa4 40.
bxc5 bxc5 41. Bxf7 Rf6 42. Bg8 Rd6 43. Bc4 g6 44. Rf2 Bd7 45. fxg6 Rxg6+ 46.
Kf3 Kd4 47. Rg2 Rf6+ 48. Ke2 h5 49. Rg5 Bg4+ 50. Ke1 Be6 51. Bxe6 Rxe6 52. Ke2
Rd6 53. Kf3 Rf6+ 54. Ke2 Rd6 55. e5 Re6 56. Rxh5 c4 57. dxc4 Kxc4 58. Ke3 Kd5
59. Kf4 Ra6 60. Kf5 Ra1 61. Kf6 Ra4 62. e6+ Kd6 63. Rh6 Re4 64. Kf7 Kc7 65. h5
Re5 66. Ke7 Rf5 67. Rh7 Kc6 68. h6 Kd5 1-0

[Event "Tradewise Gibraltar Chess Festival 2013"]
[Site "Gibraltar ENG"]
[Date "2013.01.30"]
[Round "9.82"]
[White "Ungureanu, Sandu"]
[Black "Herbold, Manfred"]
[Result "1-0"]
[WhiteElo "2019"]
[BlackElo "2164"]
[PlyCount "129"]
[EventDate "2013.01.22"]
[EventType "swiss"]
[EventRounds "10"]
[EventCountry "ENG"]
[Source "lmi"]
[SourceDate "2013.01.22"]

1. c4 Nc6 2. g3 d5 3. cxd5 Qxd5 4. Nf3 Qh5 5. h3 e5 6. d3 Be7 7. Nc3 Be6 8. a3
f5 9. Bd2 Nf6 10. b4 a6 11. Rc1 Nd5 12. Bg2 Rd8 13. Nxd5 Bxd5 14. O-O O-O 15.
Nh2 Bxg2 16. Kxg2 Qf7 17. f3 Qd5 18. Bc3 Bg5 19. Bd2 Bxd2 20. Qxd2 e4 21. Rc5
Qe6 22. fxe4 fxe4 23. Rxf8+ Rxf8 24. Qe3 Qb3 25. Qxe4 Qxa3 26. Qe6+ Kh8 27. Rc4
Qb2 28. Nf3 Qf6 29. Qxf6 gxf6 30. Nd4 Nxd4 31. Rxd4 Kg7 32. Rc4 Rf7 33. Kf3 Rd7
34. Kf4 c6 35. Kf5 Rd5+ 36. Ke4 Re5+ 37. Kf3 a5 38. bxa5 Rxa5 39. Rb4 b5 40. d4
Ra4 41. Rb3 Rxd4 42. Rc3 Rd6 43. g4 Kf7 44. e4 Ke6 45. Kf4 h6 46. Rc5 Kd7 47.
Kf5 Kc7 48. Kg6 Kb6 49. Rc1 b4 50. h4 Kb5 51. h5 b3 52. Kxh6 f5+ 53. Kg7 fxg4
54. h6 Rd7+ 55. Kg8 Re7 56. h7 Re8+ 57. Kf7 Rc8 58. e5 Rc7+ 59. Kg6 Rc8 60. e6
b2 61. Rb1 Kc5 62. e7 Kd6 63. Kf7 Rh8 64. e8=Q Rxh7+ 65. Kg6 1-0